European Geography by Letter - A - Statistics

General Stats
  • This quiz has been taken 1,447 times
  • The average score is 13 of 20
Answer Stats
Hint Answer % Correct
Vienna is the capital of this country Austria
100%
Microstate between France and Spain Andorra
99%
Capital of the Netherlands Amsterdam
98%
Highest and largest mountain range entirely within Europe Alps
95%
Majority Muslim country Albania
94%
City known as the "birthplace of democracy" Athens
94%
Capital of the above Andorra la Vella
87%
Belgian city that hosted the 1920 Summer Olympics Antwerp
87%
Body of water between Italy and the Balkans Adriatic Sea
86%
Sea between Greece and Turkey Aegean Sea
84%
Bridge used for carrying water; many were built by the Roman Empire aqueduct
76%
Most populous and southernmost mainland autonomous community in Spain Andalusia
74%
Second-largest city in Denmark Aarhus
55%
Medieval kingdom and now autonomous community in northeast Spain Aragon
47%
German city that was the capital of the Frankish Empire in the time of Charlemagne Aachen
46%
Region of forests and hills in Belgium, Luxembourg, Germany, and France Ardennes
35%
Autonomous community in northern Spain Asturias
21%
City on the northern coast of Iceland that is the largest in the country outside the capital region Akureyri
15%
Eastern Romance language and ethnic group native to the Balkans Aromanian
8%
Russian republic in the North Caucasus Adygea
6%
No matching quizzes found
Score Distribution
Percent of People with Each Score
Percentile by Number Answered
Your Score History
You have not taken this quiz